000 00489nam a2200157 4500
008 170120b xxu||||| |||| 00| 0 eng d
022 _a0893-8989
082 _aDPer 363.205 P75 May-Dec 2015 V. 39
100 _918427
_aLinn, Mildred K.
245 _aCops are not ninjas/
_cMildred K. Linn.
260 _aCalifornia:
_bBobit Business Media,
_cc2015.
300 _apages 30-32;
_c28 cm.
500 _aPolice: the law enforcement magazine.
650 0 _918428
_aPolice
942 _2ddc
_cPER
999 _c6080
_d6080